000 00534nam a2200169 i 4500
001 61738
003 ES-MaACL
005 20250820063035.0
007 t|
008 031113s1920 it ||||1| ita d
100 1 _aFarinelli, Arturo,
_d1867-1948
_948861
245 1 2 _aL'opera di un maestro
_b: quindici lezioni inedite e bibliografía degli scritti a stampa.
260 _aTorino :
_b[s.n.,
_c1920] (
_fVincenzo Bona)
300 _aXXVI, 370 p., 1 lám. ;
_c21 cm.
852 _aES-MaACL
_jB-3085
999 _c61738
_d61738